Statistics for Types Of Dogs

Click here to take the quiz!

General Stats

  • This quiz has been taken 157 times
    (150 since last reset)
  • The average score is 7 of 16

Answer Stats

Answer% Correct
Husky
98%
Dachshund/Weiner Dog
83%
Pug
77%
Boxer
73%
Golden Retriever
69%
Rottweiler
67%
Great Dane
58%
Cocker Spaniel
55%
Shih Tzu
40%
Bloodhound
24%
Chihuahua
21%
Cane Corso
14%
Black Labrador
8%
Chinese Crested Dog
6%
Burnese Mountain Dog
5%
Newfoundlander
1%

Score Distribution

Percentile by Number Answered

Percent of People with Each Score

Your Score History

You have not taken this quiz since the last reset